North Carolina Cities Quiz Stats

 Plays Quiz Updated Apr 9, 2018

Challenge
Share
Tweet
Embed
Score 0/20 Timer 06:00
0 Plays Today
Rank City % Correct
2Raleigh
97%
1Charlotte
93.3%
4Durham
86%
3Greensboro
73.5%
5Winston-Salem
69%
8Wilmington
65.1%
15Chapel Hill
64.4%
12Asheville
64.3%
6Fayetteville
46.6%
10Greenville
43.3%
Rank City % Correct
7Cary
41.3%
9High Point
37.6%
16Rocky Mount
27.2%
13Gastonia
26.9%
11Concord
25.6%
14Jacksonville
24.2%
18Burlington
23.9%
20Kannapolis
17.9%
19Wilson
17.5%
17Huntersville
11.7%

You're not logged in!

Compare scores with friends on all Sporcle quizzes.
OR
Log In

You Might Also Like...

Show Comments

Extras

Top Quizzes Today


Score Distribution

Your Account Isn't Verified!

In order to create a playlist on Sporcle, you need to verify the email address you used during registration. Go to your Sporcle Settings to finish the process.

Report this User

Report this user for behavior that violates our Community Guidelines.

Details: